1209 1460 1206 1715 1947 1514 1232 1630 1182 1640 1540 1389 1726 1421 1243 1643 1630 1378 1807 1586 1360 1900 1714 1148 1140 1920 1622 1883 1477 1883 1431 1171 1629 1898 1643 1189 1584 1595 1617 1193 1531 1439 1422 1501 1625 1618 1910 1117 1339 1975 1498 1986 1252 1379 1323 1628 1686 1007 1388 1005 1892 1069 1414 1340 1201 1736 1478 1782 1300 1601 1733 1478 1296 1525 1994 1698 1155 1686 1954 1322 1339 1856 1779 1549 1798 1703 1378 1949 1667 1359 1004 1545 1825 1730 1255 1934 1109 1413 1426 BCNSPRNW ULIB Ver.6.0+V

เปลี่ยนเป็นภาษาไทย

Change to English
 แสดงรายละเอียดบรรณานุกรม
  กลับหน้าหลัก

Brief Record : Get Marc (ISO 2709) : E-mail record : QR code < ปิดหน้าต่าง
LEADER : 00000nam 2200000uu 4500
001    13399125273
003     ULIB
008    170327s2559||||th 000 0 tha d
020    ^a9789743844409
060 ^a WW260^bพ697ก
245 00 ^aการผ่าตัดต้อกระจกแผลเล็ก2 =^bManual small incision cataractsurgery (MSICS) /^cพิพัฒน์ คงทรัพย์
250    ^aพิมพ์ครั้งที่ 1
260    ^aกรุงเทพฯ :^bบริษัท พิมพ์ดี จำกัด,^c2559
300    ^a280 หน้า :^bภาพประกอบ^c29ซม.
650  7 ^aต้อกระจก^xศัลยกรรม
650  7 ^aเลนส์^xการวัด
650  7 ^aเลนส์^xศัลยกรรม
945    ^p0^l0^i001677
945    ^p0^l0^i001678
999    ^aวรรณษา ชูชัยมงคล
รายการนี้ยังไม่มีแท็ก
คุณยังไม่ได้ล็อกอิน คุณสามารถมีกิจกรรมร่วมกับเว็บไซต์ได้ แต่ต้องล็อกอินก่อน ::
  ล็อกอิน

รายการสื่อสารสนเทศ

ลำดับที่ ประเภท เลขเรียก/บาร์โค้ด สถานที่ สถานะ
1. วิทยาศาสตร์การแพทย์ และสุขภาพ
วิทยาศาสตร์การแพทย์ และสุขภาพ
สถานะ=หนังสือเก่า
WW260 พ697ก ฉ.1 
  Barcode: 001677
ห้องสมุดวิทยาเขตสวรรค์ประชารักษ์
►ส่วนจัดเก็บหนังสือเก่า สปร
บนชั้น
  ขอยืม
2. วิทยาศาสตร์การแพทย์ และสุขภาพ
วิทยาศาสตร์การแพทย์ และสุขภาพ
สถานะ=หนังสือเก่า
WW260 พ697ก ฉ.2 
  Barcode: 001678
ห้องสมุดวิทยาเขตสวรรค์ประชารักษ์
►ส่วนจัดเก็บหนังสือเก่า สปร
บนชั้น
  ขอยืม

BibComment


ยังไม่เคยถูกคอมเมนท์

คอมเมนท์ทรัพยากรรายการนี้
  คอมเมนท์: การผ่าตัดต้อกระจ..


 Copyright 2026. Bcnsprnw @Library